Obálka Náhled e-knihy:
PDF Epub
Pro půjčování e-knih musíte být přihlášeni.
Jak si půjčit online?

Elita /

Z 35 dievčat v Selekcii zostalo už len 6 elitných súperiek. America spolu s nimi naďalej bojuje o lásku princa Maxona, avšak stále si nie je istá, komu skutočne patrí jej srdce. Keď je s Maxonom, srdce sa jej chveje vzrušením, no zároveň sa obáva ich spoločnej budúcnosti. Pri Aspenovi, prvej veľkej...

Celý popis

Uloženo v:
Série:Selekcia, část 2
Hlavní autor: Cassová, Kiera (Autor)
Médium: E-kniha
Jazyk:Czech
Vydáno: Praha : Albatros Media Slovakia s.r.o., 2022
Příbuzné jednotky:Z cyklu:: Selekcia
Tagy:
Žádné tagy
LEADER 01560nam a22002417i 4500
001 311651
007 ta
008 260601s2022 xr ||||| |||| 00| 0 cze d
020 |a 9788056629680 
044 |a xr 
100 1 |a  Cassová, Kiera  |4 aut 
245 1 0 |a Elita /  |c  Cassová, Kiera 
240 1 0 |a The Elite 
264 1 |a Praha :  |b Albatros Media Slovakia s.r.o.,  |c 2022 
300 |a 1 online zdroj (288 stran) 
336 |a text  |b txt  |2 rdacontent 
337 |a bez média  |b n  |2 rdamedia 
338 |a online zdroj  |b cr  |2 rdacarrier 
520 2 |a Z 35 dievčat v Selekcii zostalo už len 6 elitných súperiek. America spolu s nimi naďalej bojuje o lásku princa Maxona, avšak stále si nie je istá, komu skutočne patrí jej srdce. Keď je s Maxonom, srdce sa jej chveje vzrušením, no zároveň sa obáva ich spoločnej budúcnosti. Pri Aspenovi, prvej veľkej láske, zas nedokáže zabudnúť na všetko krásne, čo spolu zažili. Elitné dievčatá sú však odhodlané získať princa za každú cenu. Konkurencia je stále tvrdšia, a preto sa aj America musí rozhodnúť. 
787 0 8 |g 2  |i Z cyklu:  |t Selekcia 
910 |a RBIT002 
998 |d 359216  |a https://core.palmknihy.cz/api/books/359216/cover?si7c8l  |b https://core.palmknihy.cz/api/books/359216/cover/400?si7c8l  |c https://core.palmknihy.cz/api/books/359216/cover/50?si7c8l  |e 2027-04-22  |g 288  |i 9788056629680  |j https://core.palmknihy.cz/api/books/359216/preview.epub  |k https://core.palmknihy.cz/api/books/359216/preview.pdf  |l   |q 49  |r 1  |s https://www.palmknihy.cz/kniha/359216  |t ebook  |y 2022  |z 1  |v Selekcia  |w 2 
999 |d 311649